000 00683nam a2200229Ia 4500
005 20241129104357.0
008 241129s9999||||xx |||||||||||||| ||und||
020 _a9781032007359
037 _aTextual
040 _aRTL
_beng
_cRTL
041 _aeng
_2eng
084 _aX:51 R3
_qRTL
100 _aCaan Fykaa; Lee Angela
_9726106
245 0 _aCelebrity fashion marketing: Developing a human fashion brand
_cCaan Fykaa; Lee Angela
260 _aLondon
_bRoutledge
_c2023
300 _axiv,130p.
365 _aINR
_b3936.48
490 _aMastering Fashion Management
650 _aFashion Marketing
_9726107
942 _cTB
_hX:51 R3
999 _c1225627
_d1225627